| 000 | 00557nam a22001577a 4500 | ||
|---|---|---|---|
| 003 | OSt | ||
| 005 | 20150906085558.0 | ||
| 008 | 150906b xxu||||| |||| 00| 0 eng d | ||
| 040 | _cRUA | ||
| 082 | _aAGR ណា 1989 B001 Or.1 | ||
| 100 |
_970 _aណា ម៉ារឌី |
||
| 245 | _aការដាំពោតដោយប្រើប្រព័ន្ធស្រោចស្រពក្នុងលក្ខខ័ណ្ឌស្ថានីយ៍ពិសោធន៍ | ||
| 260 |
_aPhnom Penh _bRUA _c1989 |
||
| 300 |
_a103p. _bill. _c29cm. |
||
| 942 |
_2ddc _cAGR |
||
| 999 |
_c67 _d67 |
||